00315nam a2200121Ia 4500008004100000041000800041082001600049100001900065245003300084260003800117300003100155365000700186240624s9999 xx 000 0 und d aeng a658.405 SUB aSUBBULAKSHMI V aMANAGING WORKPLACE CONFLICTS c2005aHyderabadbICFAI University avii, : 151 : p. : cm. ; 26 cRS